000 00641nam a2200217Ia 4500
005 20241129110249.0
008 241129s9999||||xx |||||||||||||| ||und||
020 _a978-1-6668-8899-7
037 _aTB
040 _aARTS
_beng
_cARTS
041 _aeng
_2eng
084 _a2N7 R2(2D)
_qARTS
100 _aBradshaw Scott Au.
_9727623
245 0 _aInformation technology in library and information services
_cBradshaw Scott Au.
260 _aWilmington, USA
_bWilmington Kaufman Press
_c2022
300 _axiv,321p.
365 _aUSD
_b185
650 _aLibrary Science
942 _cTB
_h2N7 R2(2D)
999 _c1227952
_d1227952